000 00856nam a22002657a 4500
001 7703
003 FISKH
005 20250731134144.0
008 250731b cb ||||| |||| 00| 0 eng d
020 _a9780723270201
040 _aFISKH
_beng
_cFISKH
_dFISKH
050 _aPZ7.H5516 S
082 _a513.211
100 _aHill, Eric
245 _aSpot counts to 10 /
_cEric Hill
260 _aNew York :
_bFun with Spot,
_c2013.
300 _a10 unnumbered pages :
_bcolor illustrations ;
_c21 cm
505 _aD
520 _a"Learning to count is great fun with Spot. Colorful pictures from Spot's world will keep your child entertained as they count along."--P. [4] of cover.
521 8 _a160
_bLexile estimate
521 8 _aD
_bRaz-Plus
650 _aBoard Book
_vNumbers
_xCounting Math
942 _2ddc
_cBK
_n0
999 _c7703
_d7703